000 00340nam a2200133Ia 4500
008 240624s9999 xx 000 0 und d
041 _aeng
082 _a006.7 BHO
100 _aBHOWMIK SANDEEP
245 _aCLOUD COMPUTING
260 _c2017
_aNew Delhi
_bCambridge University Press
300 _axxiii, 407 p.; 23 cm.
365 _cRS
_b32
999 _c29876
_d29876